000
00305nam a2200121Ia 4500
005
20251222141910.0
008
251222s9999||||xx |||||||||||||| ||spa||
082
_a
250.84/I59
245
0
_a
Conciliorum oecumenicorum decreta
250
_a
3a.ed.
264
_b
Instituo per le Scienze Religiose
942
_c
LIB
999
_c
8362
_d
8362